| Tag |
First Indicator |
Second Indicator |
Subfields |
| LEADER |
00000cam a2200000Ma 4500 |
| 001 |
in00005505813 |
| 006 |
m o d |
| 007 |
cr |n||||||||| |
| 008 |
110526s2011 dcu ob 001 0 eng d |
| 005 |
20241009195854.3 |
| 010 |
|
|
|a 2011017703
|
| 035 |
|
|
|a (OCoLC)ocn746484533
|
| 040 |
|
|
|a COO
|b eng
|e pn
|c COO
|d ACY
|d OCLCQ
|d OCLCF
|d OCLCO
|d NOC
|d OCLCQ
|d ACY
|d OCLCQ
|d OCL
|d LIP
|d MERER
|d OCLCO
|d OCLCQ
|d NJR
|d OCLCA
|d OCL
|d OCLCQ
|d AU@
|d WYU
|d CASSC
|d OCLCO
|d OCLCA
|d LEAUB
|d EBLCP
|d YDX
|d OCLCQ
|d UKBTH
|d OCLCQ
|d OCLCA
|d OCLCQ
|d OCLCA
|d VT2
|d N$T
|d OCLCO
|d OCL
|d OCLCO
|d OCL
|d OCLCQ
|d OCLCO
|d UIU
|d OCLCL
|d WSU
|d OCLCO
|d OCLCL
|
| 019 |
|
|
|a 990453136
|a 1058790595
|a 1097029484
|a 1281712227
|
| 020 |
|
|
|a 9780841226135
|q (electronic bk.)
|
| 020 |
|
|
|a 084122613X
|q (electronic bk.)
|
| 020 |
|
|
|z 9780841226128
|q (alk. paper)
|
| 020 |
|
|
|z 0841226121
|q (alk. paper)
|
| 035 |
|
|
|a (OCoLC)746484533
|z (OCoLC)990453136
|z (OCoLC)1058790595
|z (OCoLC)1097029484
|z (OCoLC)1281712227
|
| 050 |
|
4 |
|a QR69.M33
|b R37 2011
|
| 060 |
|
4 |
|a QW 51
|b R218 2011
|
| 072 |
|
7 |
|a SCI
|x 056000
|2 bisacsh
|
| 082 |
0 |
4 |
|a 571.2/9
|2 23
|
| 084 |
|
|
|a SCI078000
|a SCI045000
|2 bisacsh
|
| 049 |
|
|
|a TXAM
|
| 245 |
0 |
0 |
|a Rapid characterization of microorganisms by mass spectrometry /
|c Catherine Fenselau, editor, Plamen Demirev, editor.
|
| 260 |
|
|
|a Washington, DC :
|b American Chemical Society,
|c ©2011.
|
| 300 |
|
|
|a 1 online resource (1 volume)
|
| 336 |
|
|
|a text
|b txt
|2 rdacontent
|
| 337 |
|
|
|a computer
|b c
|2 rdamedia
|
| 338 |
|
|
|a online resource
|b cr
|2 rdacarrier
|
| 490 |
1 |
|
|a ACS symposium series ;
|v 1065
|
| 500 |
|
|
|a "Sponsored by the ACS Division of Analytical Chemistry."
|
| 504 |
|
|
|a Includes bibliographical references and index.
|
| 505 |
0 |
|
|a Rapid characterization of microorganisms by mass spectrometry: an overview / Catherine Fenselau and Plamen Demirev -- Rapid sample preparation for microorganism analysis by mass spectrometry / Franco Basile -- Discrimination of fungi by MALDI-TOF mass spectrometry / Justin M. Hettick [and others] -- Fungal metabolites for microorganism classification by mass spectrometry / Vladimir Havlicek and Karel Lemr -- Rapid profiling of recombinant protein expression from crude cell cultures by matrix-assisted laser desorption/ionization mass spectrometry (MALDI-MS) / Scott C. Russell -- Detection, differentiation and subtyping of botulinum neurotoxins in clinical samples with mass spectrometry / John R. Barr, Suzanne R. Kalb, and James L. Pirkle -- Rapid identification of food-borne pathogens by top-down proteomics using MALDI-TOF/TOF mass spectrometry / Clifton K. Fagerquist -- Top-down protein analysis and phylogenetic characterization of unsequenced bacteria / Nathan J. Edwards [and others] -- Matrix assisted laser desorption ionization ion mobility time-of-flight mass spectrometry of bacteria / Juaneka M. Hayes [and others] -- Single-particle aerosol mass spectrometry (SPAMS) for high-throughput and rapid analysis of biological aerosols and single cells / Matthias Frank [and others] -- Rapid detection and identification of aerosolized biological materials, toxins, and microorganisms by an AP-MALDI-MS-based system / Berk Oktem [and others] -- MALDI mass spectrometry for rapid detection and characterization of biological threats / Nathan A. Hagan [and others].
|
| 546 |
|
|
|a English.
|
| 650 |
|
0 |
|a Microorganisms
|x Identification.
|
| 650 |
|
0 |
|a Mass spectrometry.
|
| 650 |
|
0 |
|a Microbiological chemistry.
|
| 650 |
|
0 |
|a Medical laboratory technology.
|
| 650 |
|
2 |
|a Chemistry Techniques, Analytical
|
| 650 |
|
2 |
|a Eukaryota
|
| 650 |
|
2 |
|a Clinical Laboratory Techniques
|
| 650 |
|
2 |
|a Organisms
|
| 650 |
|
2 |
|a Investigative Techniques
|
| 650 |
|
2 |
|a Analytical, Diagnostic and Therapeutic Techniques and Equipment
|
| 650 |
|
2 |
|a Fungi
|
| 650 |
|
2 |
|a Bacteria
|
| 650 |
|
2 |
|a Microbiological Techniques
|
| 650 |
|
2 |
|a Mass Spectrometry
|
| 650 |
|
6 |
|a Micro-organismes
|x Identification.
|
| 650 |
|
6 |
|a Spectrométrie de masse.
|
| 650 |
|
6 |
|a Chimie microbiologique.
|
| 650 |
|
6 |
|a Médecine
|x Laboratoires
|x Technique.
|
| 650 |
|
6 |
|a Champignons.
|
| 650 |
|
6 |
|a Bactéries.
|
| 650 |
|
7 |
|a mass spectrometry.
|2 aat
|
| 650 |
|
7 |
|a SCIENCE
|x Life Sciences
|x Anatomy & Physiology.
|2 bisacsh
|
| 650 |
|
7 |
|a Medical laboratory technology
|2 fast
|
| 650 |
|
7 |
|a Mass spectrometry
|2 fast
|
| 650 |
|
7 |
|a Microbiological chemistry
|2 fast
|
| 650 |
|
7 |
|a Microorganisms
|x Identification
|2 fast
|
| 655 |
|
7 |
|a Electronic books.
|2 local
|
| 655 |
|
7 |
|a Guidebooks
|2 fast
|
| 700 |
1 |
|
|a Fenselau, Catherine,
|d 1939-
|1 https://id.oclc.org/worldcat/entity/E39PBJwmWTRjFv38RCW3k3tFrq
|
| 700 |
1 |
|
|a Demirev, Plamen.
|
| 710 |
2 |
|
|a American Chemical Society.
|b Division of Analytical Chemistry.
|
| 758 |
|
|
|i has work:
|a Rapid characterization of microorganisms by mass spectrometry (Text)
|1 https://id.oclc.org/worldcat/entity/E39PCGpKQmq3yp9wQCcYHChgyq
|4 https://id.oclc.org/worldcat/ontology/hasWork
|
| 830 |
|
0 |
|a ACS symposium series ;
|v 1065.
|
| 856 |
4 |
0 |
|u http://proxy.library.tamu.edu/login?url=https://pubs.acs.org/doi/book/10.1021/bk-2011-1065
|z Connect to the full text of this electronic book
|t 0
|
| 955 |
|
|
|a ASC eBooks Complete Collection
|
| 994 |
|
|
|a 92
|b TXA
|
| 999 |
f |
f |
|s 6b84ccd6-2a9a-4183-ad8c-2a291e3347ed
|i 2429ad09-9fc2-4711-aae7-3598af0e25d1
|t 0
|
| 952 |
f |
f |
|a Texas A&M University
|b College Station
|c Electronic Resources
|d Available Online
|t 0
|e QR69.M33 R37 2011
|h Library of Congress classification
|
| 998 |
f |
f |
|a QR69.M33 R37 2011
|t 0
|l Available Online
|